[Event "Pan American-ch U16 Girls"]
[Site "Guayaquil"]
[Date "2019.07.26"]
[Round "8"]
[White "Arauco Celestino, Arianna Sofia"]
[Black "Garcia Andrada, Heidy Nicole"]
[Result "0-1"]
[WhiteElo "1653"]
[BlackElo "1841"]
[PlyCount "76"]
[EventDate "2019.07.21"]
[EventType "swiss"]
[EventRounds "9"]
[EventCountry "ECU"]
[SourceTitle "EXT 2020"]
[Source "ChessBase"]
[SourceDate "2019.10.17"]
[SourceVersion "1"]
[SourceVersionDate "2019.10.17"]
[SourceQuality "1"]

1. c4 Nf6 2. d4 g6 3. Nc3 d5 4. cxd5 Nxd5 5. e4 Nxc3 6. bxc3 Bg7 7. Bc4 0-0 8. Ne2 c5 9. 0-0 cxd4 10. cxd4 Nc6 11. Be3 Na5 12. Rc1 Nxc4 13. Rxc4 b6 14. Qa4 a6 15. Qb3 Bd7 16. Nc3 e6 17. Rc1 b5 18. Rc5 Re8 19. Ne2 Bf8 20. R5c2 Qa5 21. Bd2 Qb6 22. Rc7 Rec8 23. Bf4 Qa5 24. Qc2 Ba3 25. Rb1 Rxc7 26. Bxc7 Rc8 27. Bxa5 Rxc2 28. Nc3 b4 29. Nd1 Rxa2 30. Kf1 Bb5+ 31. Kg1 Bd3 32. Nc3 Bxb1 33. Nxa2 Bxa2 34. d5 exd5 35. exd5 Bxd5 36. Kf1 b3 37. Bc3 b2 38. Bxb2 Bxb2 0-1

[Event "Wch U14 Girls"]
[Site "Porto Carras"]
[Date "2018.10.26"]
[Round "7"]
[White "Guillo Longares, Cecilia"]
[Black "Arauco Celestino, Arianna Sofia"]
[Result "0-1"]
[WhiteElo "1998"]
[BlackElo "1610"]
[PlyCount "96"]
[EventDate "2018.10.20"]
[EventType "swiss"]
[EventRounds "11"]
[EventCountry "GRE"]
[SourceTitle "CBM 187 Extra"]
[Source "ChessBase"]
[SourceDate "2018.11.04"]
[SourceVersion "1"]
[SourceVersionDate "2018.11.04"]
[SourceQuality "1"]

1. d4 Nf6 2. c4 c5 3. d5 b5 4. Qc2 Na6 5. a3 Qa5+ 6. Bd2 b4 7. e4 d6 8. Bd3 g6 9. Ne2 Bg7 10. 0-0 Qb6 11. a4 Nd7 12. f4 b3 13. Qc1 Nb4 14. Bxb4 cxb4+ 15. Kh1 Nc5 16. a5 Qd8 17. Qd2 Rb8 18. Nc1 Qc7 19. Qf2 Nxd3 20. Nxd3 Qxc4 21. Qe3 Bd4 22. Qd2 Ba6 23. Rf3 Qc2 24. Ne1 Qxb2 25. Ra4 Qxd2 26. Nxd2 Bc3 27. Nxb3 Bc4 28. Rxc3 bxc3 29. Rxc4 Rxb3 30. Kg1 Kd7 31. Kf2 Rc8 32. Rxc8 Kxc8 33. Ke3 Kb7 34. Kd3 Ka6 35. Kc4 Ra3 36. Nc2 Ra4+ 37. Kxc3 Rxe4 38. Nb4+ Kxa5 39. Nc6+ Kb6 40. g3 a5 41. Kd3 f5 42. g4 Rxf4 43. gxf5 Rxf5 44. Nxe7 Re5 45. Nc8+ Kc7 46. Na7 Rxd5+ 47. Kc4 Rc5+ 48. Kd4 Kb7 0-1

[Event "Wch U14 Girls"]
[Site "Porto Carras"]
[Date "2018.10.24"]
[Round "6"]
[White "Arauco Celestino, Arianna Sofia"]
[Black "Moracchini, Margaux"]
[Result "1-0"]
[WhiteElo "1610"]
[BlackElo "1838"]
[PlyCount "61"]
[EventDate "2018.10.20"]
[EventType "swiss"]
[EventRounds "11"]
[EventCountry "GRE"]
[SourceTitle "CBM 187 Extra"]
[Source "ChessBase"]
[SourceDate "2018.11.04"]
[SourceVersion "1"]
[SourceVersionDate "2018.11.04"]
[SourceQuality "1"]

1. c4 Nf6 2. Nf3 g6 3. g3 Bg7 4. Bg2 0-0 5. Nc3 d6 6. 0-0 e5 7. d4 Nbd7 8. dxe5 dxe5 9. Qc2 c6 10. Bg5 Qe7 11. Rfd1 h6 12. Bd2 a5 13. a3 Nb6 14. Qb3 Nbd7 15. Na4 Ne4 16. Qe3 f5 17. Nh4 Nxd2 18. Rxd2 Qf7 19. Rd6 g5 20. Ng6 Re8 21. Nc5 Nxc5 22. Qxc5 e4 23. f4 Be6 24. Ne5 Bxe5 25. fxe5 Bxc4 26. Bxe4 Bxe2 27. Rf6 Qc4 28. Qd6 fxe4 29. Rg6+ Kh7 30. Rxh6+ Kg7 31. Qf6+ 1-0

[Event "Pan American-ch U14 Girls"]
[Site "Santiago de Chile"]
[Date "2018.07.28"]
[Round "9"]
[White "Arauco Celestino, Arianna Sofia"]
[Black "Perez Hernandez, Vicmary C"]
[Result "1/2-1/2"]
[WhiteElo "1645"]
[BlackElo "1679"]
[PlyCount "42"]
[EventDate "2018.07.22"]
[EventType "swiss"]
[EventRounds "9"]
[EventCountry "CHI"]
[SourceTitle "EXT 2022"]
[Source "ChessBase"]
[SourceDate "2021.10.06"]
[SourceVersion "1"]
[SourceVersionDate "2021.10.06"]
[SourceQuality "1"]

1. d4 Nf6 2. c4 g6 3. Nc3 Bg7 4. e4 d6 5. h3 0-0 6. Be3 e5 7. dxe5 dxe5 8. Qxd8 Rxd8 9. Rd1 Rxd1+ 10. Kxd1 c6 11. Nf3 Be6 12. Kc2 Na6 13. a3 b6 14. Nxe5 Nxe4 15. Nxc6 Bxc3 16. bxc3 Nd6 17. Ne7+ Kf8 18. Nd5 Rc8 19. Bh6+ Ke8 20. Nf6+ Ke7 21. Nxh7 f6 1/2-1/2

[Event "Pan American-ch U14 Girls"]
[Site "Santiago de Chile"]
[Date "2018.07.25"]
[Round "5"]
[White "Yellamraju, Aparna"]
[Black "Arauco Celestino, Arianna Sofia"]
[Result "0-1"]
[WhiteElo "1500"]
[BlackElo "1645"]
[PlyCount "102"]
[EventDate "2018.07.22"]
[EventType "swiss"]
[EventRounds "9"]
[EventCountry "CHI"]
[SourceTitle "EXT 2022"]
[Source "ChessBase"]
[SourceDate "2021.10.06"]
[SourceVersion "1"]
[SourceVersionDate "2021.10.06"]
[SourceQuality "1"]

1. d4 d5 2. c4 c6 3. Nf3 dxc4 4. a4 Nf6 5. e3 Bf5 6. Bxc4 e6 7. Nc3 Bb4 8. 0-0 Nbd7 9. Qb3 a5 10. h3 0-0 11. Nh4 Nh5 12. Nxf5 exf5 13. Be2 Ndf6 14. g4 fxg4 15. hxg4 Nxg4 16. Bxg4 Qg5 17. f3 Nf6 18. Kf2 h5 19. Bh3 Qh4+ 20. Kg2 Nd5 21. Nxd5 cxd5 22. Qxd5 Ra6 23. Bf5 Qg5+ 24. Kf2 Rg6 25. f4 Qg3+ 26. Ke2 Qh2+ 27. Rf2 Qg1 28. Bxg6 Qe1+ 29. Kf3 Qh1+ 30. Rg2 Qf1+ 31. Kg3 Qe1+ 32. Rf2 h4+ 33. Kg2 h3+ 34. Kxh3 Qxf2 35. Bxf7+ Rxf7 36. Qg2 Qe1 37. Qc2 Rf6 38. Kg4 Qg1+ 39. Kf3 Rh6 40. Qc8+ Kh7 41. Qf5+ Kh8 42. Qc8+ Kh7 43. Ke4 Qh1+ 44. Ke5 Rh5+ 45. f5 Qh2+ 46. Ke4 Rh4+ 47. Kd3 Qh1 48. Qc2 Qe4+ 49. Kc4 Qxc2+ 50. Kd5 Qc6+ 51. Ke5 Qe4# 0-1

[Event "Lima-ch U16 Damas A"]
[Site "Lima"]
[Date "2017.01.14"]
[Round "5.4"]
[White "Puppi Lazo, Stephanie Beatriz"]
[Black "Arauco Celestino, Arianna Sofia"]
[Result "1-0"]
[WhiteElo "1720"]
[BlackElo "1523"]
[PlyCount "137"]
[EventDate "2017.01.12"]
[EventType "swiss"]
[EventRounds "7"]
[EventCountry "PER"]
[SourceTitle "EXT 2024"]
[Source "ChessBase"]
[SourceDate "2023.10.10"]
[SourceVersion "1"]
[SourceVersionDate "2023.10.10"]
[SourceQuality "1"]

1. e4 e6 2. d4 d5 3. Nd2 dxe4 4. Nxe4 Bd7 5. Nf3 Bc6 6. Ng3 Nd7 7. Be2 Ngf6 8. 0-0 Bd6 9. Re1 0-0 10. Nf1 Bxf3 11. Bxf3 c6 12. Ne3 Qc7 13. h3 Nb6 14. Qe2 Nbd5 15. Nc4 Bb4 16. Rd1 Rfd8 17. Bg5 Be7 18. Ne5 Nd7 19. Bd2 Bf6 20. c4 Bxe5 21. dxe5 Ne7 22. Bc3 Ng6 23. Re1 Nc5 24. Be4 Nf4 25. Qc2 Nxe4 26. Qxe4 Nd3 27. Re3 Nc5 28. Qc2 Rd7 29. b4 Na6 30. Rg3 Rad8 31. Qe2 c5 32. a3 Qb6 33. Rb1 cxb4 34. axb4 Nb8 35. b5 Na6 36. Qa2 Nc7 37. Kh2 Qc5 38. Qe2 Ne8 39. f4 Rc8 40. Rb4 Rcd8 41. Rb1 Rc8 42. Rb4 Rcd8 43. Ra4 Rd1 44. Rf3 Qg1+ 45. Kg3 Qc5 46. f5 exf5 47. Rxf5 R8d3+ 48. Rf3 Rd8 49. e6 Qd6+ 50. Kf2 Qc5+ 51. Kg3 Qd6+ 52. Kf2 Qc5+ 53. Re3 Qf5+ 54. Kg3 Qg5+ 55. Kh2 Qf4+ 56. g3 Qg5 57. exf7+ Kxf7 58. Rxa7 R8d7 59. Qf3+ Nf6 60. Rxb7 Rxb7 61. Qxb7+ Kg6 62. Qf3 Rc1 63. Re2 Rb1 64. g4 Rd1 65. Re5 Qc1 66. Qf5+ Kh6 67. g5+ Kh5 68. gxf6+ g5 69. Qxh7# 1-0

[Event "South American-ch U12 Girls"]
[Site "Santiago de Chile"]
[Date "2016.12.06"]
[Round "9.1"]
[White "Arauco Celestino, Arianna Sofia"]
[Black "Kikuchi Cadilhac, Mariana Sawae"]
[Result "1-0"]
[WhiteElo "1413"]
[BlackElo "1487"]
[PlyCount "122"]
[EventDate "2016.12.01"]
[EventType "swiss"]
[EventRounds "9"]
[EventCountry "CHI"]
[SourceTitle "EXT 2022"]
[Source "ChessBase"]
[SourceDate "2021.10.06"]
[SourceVersion "1"]
[SourceVersionDate "2021.10.06"]
[SourceQuality "1"]

1. Nf3 f5 2. d3 d6 3. Nc3 Nf6 4. e4 e5 5. Be2 Be7 6. h3 fxe4 7. dxe4 b6 8. 0-0 Bb7 9. Bb5+ Nbd7 10. Re1 0-0 11. Bc4+ Kh8 12. Ng5 Nc5 13. Nf7+ Rxf7 14. Bxf7 Ncxe4 15. Nxe4 Nxe4 16. Bd5 Bxd5 17. Qxd5 Nf6 18. Qb3 Qe8 19. Bg5 h6 20. Bxf6 Bxf6 21. Qf3 Rc8 22. c3 a5 23. Rad1 Qf7 24. b3 Rf8 25. c4 Qe7 26. Qe4 Qf7 27. Re3 Qh5 28. Qg4 Qf7 29. Rf3 Qe8 30. Qe4 Qf7 31. a3 Qe8 32. Rfd3 Bg5 33. Rf3 Bf6 34. Re1 Qa8 35. Qxa8 Rxa8 36. Kf1 Kg8 37. Ke2 Kf7 38. Kd3 Ke6 39. Ke4 Ra7 40. Rd3 Ra8 41. Red1 Rf8 42. g3 g5 43. b4 Ra8 44. Ra1 Bg7 45. Rb1 h5 46. f3 Bf6 47. a4 Bg7 48. bxa5 Rxa5 49. Rb5 Bf6 50. Rxa5 bxa5 51. Rb3 c5 52. Rb5 Bd8 53. Rb8 Kd7 54. Kd5 h4 55. gxh4 gxh4 56. Rxd8+ Kxd8 57. Kxd6 Ke8 58. Kxe5 Ke7 59. f4 Kf7 60. f5 Ke7 61. Kd5 Kf7 1-0

[Event "South American-ch U12 Girls"]
[Site "Santiago de Chile"]
[Date "2016.12.03"]
[Round "4.2"]
[White "Arauco Celestino, Arianna Sofia"]
[Black "Sanchez Tobar, Francisca Valentina"]
[Result "0-1"]
[WhiteElo "1413"]
[BlackElo "1478"]
[PlyCount "123"]
[EventDate "2016.12.01"]
[EventType "swiss"]
[EventRounds "9"]
[EventCountry "CHI"]
[SourceTitle "EXT 2022"]
[Source "ChessBase"]
[SourceDate "2021.10.06"]
[SourceVersion "1"]
[SourceVersionDate "2021.10.06"]
[SourceQuality "1"]

1. d4 d5 2. Nf3 Nf6 3. e3 e6 4. Bd3 Be7 5. b3 c5 6. Bb2 0-0 7. Nbd2 Nbd7 8. 0-0 b6 9. Ne5 Nxe5 10. dxe5 Nd7 11. f4 Re8 12. Rf3 Bf8 13. Rh3 g6 14. Nf3 Bg7 15. Bc3 f6 16. Bb5 Rf8 17. Qd2 a6 18. Bc6 Ra7 19. Rd1 Nb8 20. exf6 Bxf6 21. Bxf6 Rxf6 22. Ne5 Rf5 23. e4 Rxe5 24. fxe5 Nxc6 25. Re3 d4 26. Qf2 Rf7 27. Qg3 Qc7 28. Rf3 Rxf3 29. Qxf3 Qxe5 30. Rf1 Qg7 31. Qf4 e5 32. Qf3 Nd8 33. Qf6 Qxf6 34. Rxf6 Ne6 35. Kf1 Kg7 36. Rf2 Bb7 37. h4 a5 38. Ke1 b5 39. Kd2 c4 40. c3 d3 41. Ke3 Bc6 42. Rb2 g5 43. bxc4 bxc4 44. Rb6 Nd8 45. Rb8 Nf7 46. Rc8 Bb5 47. Rc5 Be8 48. hxg5 Ba4 49. Rxc4 Kg6 50. Rc8 Bd7 51. Rg8+ Kh5 52. Rg7 Be6 53. Rxh7+ Kxg5 54. Rh1 Bxa2 55. Kxd3 Nd6 56. Rh7 Bc4+ 57. Ke3 a4 58. Ra7 a3 59. Kd2 Kf4 60. Kc2 Nxe4 61. Kb1 Ke3 62. Ra4 0-1

[Event "PER-ch U12 Girls"]
[Site "Lima"]
[Date "2016.02.05"]
[Round "5.1"]
[White "Prado Matos, Briguithe Margoth"]
[Black "Arauco Celestino, Arianna Sofia"]
[Result "1-0"]
[WhiteElo "1482"]
[BlackElo "1373"]
[PlyCount "73"]
[EventDate "2016.02.02"]
[EventType "swiss"]
[EventRounds "9"]
[EventCountry "PER"]
[SourceTitle "EXT 2024"]
[Source "ChessBase"]
[SourceDate "2023.10.10"]
[SourceVersion "1"]
[SourceVersionDate "2023.10.10"]
[SourceQuality "1"]

1. e4 c6 2. d4 d5 3. Nc3 dxe4 4. Nxe4 Bf5 5. Ng3 Bg6 6. h4 h6 7. Nf3 Nd7 8. h5 Bh7 9. Bd3 Bxd3 10. Qxd3 e6 11. Bd2 Ngf6 12. 0-0-0 Bd6 13. Ne4 Nxe4 14. Qxe4 Nf6 15. Qe2 a5 16. Ne5 Be7 17. Kb1 Qd5 18. f3 a4 19. c4 Qd6 20. Bc3 Qc7 21. g4 Rb8 22. f4 b5 23. c5 Nd5 24. Bd2 b4 25. Ka1 a3 26. b3 Bf6 27. Qe4 Bxe5 28. dxe5 Qa5 29. Rc1 Ke7 30. f5 Kd7 31. fxe6+ Kxe6 32. Qf5+ Ke7 33. Rhe1 Rbd8 34. e6 f6 35. Qg6 Rdf8 36. Qxg7+ Kd8 37. Qd7# 1-0

[Event "PER-ch (Women)"]
[Site "Lima"]
[Date "2015.05.02"]
[Round "5"]
[White "Arauco Celestino, Arianna Sofia"]
[Black "Gutierrez Bravo, Nicole Abigail"]
[Result "0-1"]
[WhiteElo "1300"]
[BlackElo "1662"]
[PlyCount "72"]
[EventDate "2015.04.30"]
[EventType "swiss"]
[EventRounds "8"]
[EventCountry "PER"]
[SourceTitle "CBM 166 Extra"]
[Source "ChessBase"]
[SourceDate "2015.06.18"]
[SourceVersion "1"]
[SourceVersionDate "2015.06.18"]
[SourceQuality "1"]

1. d4 Nf6 2. Nf3 e6 3. e3 c5 4. b3 d5 5. Bd3 Be7 6. 0-0 0-0 7. Bb2 Nc6 8. Nbd2 b6 9. Ne5 Bb7 10. f4 Nd7 11. Qh5 f5 12. Rf3 Nf6 13. Qh4 Ne4 14. Qe1 Nxd2 15. Qxd2 Nxe5 16. fxe5 Rc8 17. Rh3 g6 18. c4 a5 19. Rc1 cxd4 20. Bxd4 Bc5 21. cxd5 Bxd4 22. Rxc8 Qxc8 23. exd4 Bxd5 24. Bb5 Rf7 25. Rc3 Rc7 26. Ba6 Bb7 27. Rxc7 Qxc7 28. Bxb7 Qxb7 29. Qc2 Kf7 30. Kf2 Ke7 31. Kg3 Kd7 32. Kh4 h6 33. Qe2 Qd5 34. Qd2 f4 35. Qxf4 g5+ 36. Kg4 gxf4 0-1

[Event "PER-ch (Women)"]
[Site "Lima"]
[Date "2007.03.02"]
[Round "3"]
[White "Arauco Celestino, Arianna Sofia"]
[Black "Oncoy Custodio, Shantal Tania"]
[Result "0-1"]
[WhiteElo "1503"]
[BlackElo "1662"]
[PlyCount "132"]
[EventDate "2017.03.01"]
[EventType "swiss"]
[EventRounds "9"]
[EventCountry "PER"]
[SourceTitle "EXT 2018"]
[Source "ChessBase"]
[SourceDate "2017.10.13"]
[SourceVersion "1"]
[SourceVersionDate "2017.10.13"]
[SourceQuality "1"]

1. d4 d5 2. Nf3 Nc6 3. e3 Bg4 4. c4 e6 5. Nc3 Nf6 6. cxd5 exd5 7. Bb5 Qd6 8. Qa4 Bd7 9. Ne5 Nxe5 10. dxe5 Qxe5 11. Bxd7+ Nxd7 12. Qb5 d4 13. Qxe5+ Nxe5 14. exd4 Nd3+ 15. Ke2 Nxc1+ 16. Raxc1 Rd8 17. d5 a6 18. Kf3 f6 19. Ke4 Kf7 20. Ne2 Re8+ 21. Kd3 Bd6 22. Nd4 Be5 23. g3 Rd8 24. f4 Bxd4 25. Kxd4 c6 26. Rc5 Rhe8 27. Kc4 Rxd5 28. Rxd5 cxd5+ 29. Kxd5 Re2 30. Rc1 Kg6 31. h4 h5 32. b4 Rxa2 33. Rc7 Ra3 34. Rxb7 Rxg3 35. Ra7 Ra3 36. b5 Ra5 37. Ke6 Rxb5 38. Rxa6 Rb1 39. f5+ Kh7 40. Ra2 Rh1 41. Ra4 Rg1 42. Ra2 Rg4 43. Rh2 Rf4 44. Rh3 g6 45. fxg6+ Kxg6 46. Rg3+ Rg4 47. Rh3 Re4+ 48. Kd5 Kf5 49. Rh1 Rf4 50. Kd6 Kg4 51. Ke6 f5 52. Ke5 Rf2 53. Kd4 Re2 54. Kd3 Re7 55. Kd2 f4 56. Kd1 Kg3 57. Rf1 f3 58. Kc2 f2 59. Rd1 Re1 60. Rd3+ Kg2 61. Rd2 Kg1 62. Rd5 f1Q 63. Rg5+ Kh2 64. Rxh5 Qc4+ 65. Kd2 Re2+ 66. Kd1 Qc2# 0-1